| 000 | 01451nam a22004097a 4500 | ||
|---|---|---|---|
| 003 | CHAP | ||
| 005 | 20220329134032.0 | ||
| 008 | 971013s1980 r 00010 d | ||
| 010 | _a14434 | ||
| 011 | _a15406 | ||
| 035 | _a19482 | ||
| 040 | _cCHAP | ||
| 090 | _aTesis | ||
| 100 | 0 | 0 |
_aGonzález Vicente, Carlos Enrique. _949481 |
| 245 | _aEstablecimiento de pasto salado (Distichlis spicata (L) Greene) bajo riego con aguas negras en el Lago de Tezcoco | ||
| 260 |
_aChapingo, Méx. : _bEl autor, _c1980 |
||
| 300 |
_a91 h. _b: gráfs |
||
| 500 | _ac.4 en bodega | ||
| 502 | _aTesis (Ing. Agr. Esp. en Bosques) -- UACH. Departamento de Bosques | ||
| 590 |
_aALEPH _b10 _c20130110 _lUCH01 _h1235 |
||
| 590 |
_aBATCH-UPD _b10 _c20130109 _lUCH01 _h2357 |
||
| 590 |
_aBATCH-UPD _b10 _c20130110 _lUCH01 _h0256 |
||
| 590 |
_aBATCH-UPD _b10 _c20130110 _lUCH01 _h1924 |
||
| 590 |
_aBATCH-UPD _b10 _c20130409 _lUCH01 _h1931 |
||
| 590 |
_aBATCH-UPD _b10 _c20130410 _lUCH01 _h1249 |
||
| 590 |
_aBATCH-UPD _b10 _c20130914 _lUCH01 _h0103 |
||
| 590 |
_aCONVERSION _b10 _c20130109 _lUCH01 _h1309 |
||
| 650 | 1 | 4 |
_aAguas residuales para irrigación. _92591 |
| 650 | 1 | 4 |
_aDistichlis spicata. _932745 |
| 650 | 1 | 4 |
_aPastos _xIrrigación. _986054 |
| 650 | 1 | 4 |
_aPastos _xLago de Texcoco. _986055 |
| 901 | _aBK | ||
| 942 | _cFOLL | ||
| 949 |
_bBC _cTES _d-45359 _eTS1 _i19482 _si |
||
| 949 |
_bBC _cTES _d-45360 _eTS2 _fc.2 _i19482 _si |
||
| 949 |
_bBC _cTES _d-45361 _eTS2 _fc.3 _i19482 _si |
||
| 999 |
_c14434 _d14434 |
||